Advertising Slogans II Quiz Stats

 Plays Quiz Updated Dec 8, 2016

     
Support Sporcle.
Go Orange.
Score 0/20 Timer 05:00
0 Plays Today
Slogan Product or Company % Correct
Eat Fresh!Subway
88.7%
It Gives You WiiiiiingsRed Bull
86.4%
Have it your way.Burger King
82.2%
Think outside the bun.Taco Bell
75.4%
See what brown can do for youUPS
72.2%
It's In the GameEA Sports
62.9%
Buy it. Sell it. Love it.EBay
61.6%
Obey your thirstSprite
59.9%
M'm! M'm! Good!Campbells Soup
56.6%
Betcha can't eat just oneLays Potato Chips
55.1%
Slogan Product or Company % Correct
You are now free to move about the countrySouthwest Airlines
51.3%
The freshmaker!Mentos
46.4%
The happiest place on EarthDisneyland
44.4%
Kid tested. Mother approved.Kix
44.1%
Expect More. Pay Less Target
41.7%
FahrvergnügenVolkswagen
26.3%
Come hungry. Leave happy.IHOP
24.6%
Thousands of possibilities. Get yours.Best Buy
11.4%
You've got questions, we've got answers.Radio Shack
8%
Your Potential. Our Passion.Microsoft
6.2%

From the Vault

Find the Countries of South America by Capital

by bhenderson79

You know the capital, but can you find the country?
Remove Ads.
Support Sporcle.
Get the best of Sporcle when you Go Orange. This ad-free experience offers more features, more stats, and more fun while also helping to support Sporcle. Thank you for becoming a member.

Show Comments

Extras

Top Quizzes Today


Score Distribution

Your Account Isn't Verified!

In order to create a playlist on Sporcle, you need to verify the email address you used during registration. Go to your Sporcle Settings to finish the process.

Report this User

Report this user for behavior that violates our Community Guidelines.

Details: